Sedan ou Les charniers

Збережено в:
Бібліографічні деталі
Автор: Lemonnier, Camille
Формат: Книга
Мова:Undetermined
Опубліковано: Bruselas, Bélgica Labor 2002
Предмети:
Теги: Додати тег
Немає тегів, Будьте першим, хто поставить тег для цього запису!

MARC

LEADER 00000nam a2200000Ia 4500
008 170316s9999 xx 000 0 und d
090 |a 800-B L-4s 
100 |a Lemonnier, Camille 
245 |a Sedan ou Les charniers 
260 |a Bruselas, Bélgica 
260 |b Labor 
260 |c 2002 
300 |a 256 páginas 
650 |a LITERATURA DE BÉLGICA 
650 |a NOVELA 
999 |c 19862  |d 19862 
040 |a cru BVZT 
942 |c 15 D  |h 800-B L-4s  |2 z